Studying the Ancient Israelites : (Record no. 8387)

MARC details
000 -LEADER
fixed length control field 00928nam a22002297a 4500
003 - CONTROL NUMBER IDENTIFIER
control field GBCCL
005 - DATE AND TIME OF LATEST TRANSACTION
control field 20241126110649.0
008 - FIXED-LENGTH DATA ELEMENTS--GENERAL INFORMATION
fixed length control field 210202b ||||| |||| 00| 0 eng d
020 ## - INTERNATIONAL STANDARD BOOK NUMBER
International Standard Book Number 0801031974
020 ## - INTERNATIONAL STANDARD BOOK NUMBER
International Standard Book Number 9781844742257
040 ## - CATALOGING SOURCE
Transcribing agency gbc
082 ## - DEWEY DECIMAL CLASSIFICATION NUMBER
Classification number 933
Item number MAT
100 ## - MAIN ENTRY--PERSONAL NAME
Personal name Matthews, Victor H
9 (RLIN) 14672
245 ## - TITLE STATEMENT
Title Studying the Ancient Israelites :
Remainder of title a Guide to Sources and Methods.
260 ## - PUBLICATION, DISTRIBUTION, ETC.
Place of publication, distribution, etc. Grand Rapids :
Name of publisher, distributor, etc. Baker Academic,
Date of publication, distribution, etc. 2007
300 ## - PHYSICAL DESCRIPTION
Extent 1 online resource (233 pages)
505 ## - FORMATTED CONTENTS NOTE
Formatted contents note ""Contents""; ""Introduction""; ""1 Historical Geography""; ""2 Archaeology""; ""3 Literary Approaches""; ""4 Social Sciences""; ""5 History and Historiography""; ""References""; ""Subject Index""; ""Ancient Writings Index""
650 ## - SUBJECT ADDED ENTRY--TOPICAL TERM
Topical term or geographic name entry element Bible. -- Old Testament -- Antiquities.
9 (RLIN) 14673
650 ## - SUBJECT ADDED ENTRY--TOPICAL TERM
Topical term or geographic name entry element Jews -- Civilization -- To 70 A.D.
9 (RLIN) 14674
650 ## - SUBJECT ADDED ENTRY--TOPICAL TERM
Topical term or geographic name entry element Jews -- History -- To 70 A.D.
9 (RLIN) 14675
942 ## - ADDED ENTRY ELEMENTS (KOHA)
Source of classification or shelving scheme Dewey Decimal Classification
Koha item type Books
Koha issues (borrowed), all copies 2
Holdings
Withdrawn status Lost status Source of classification or shelving scheme Damaged status Not for loan Home library Current Library Shelving location Date acquired Total checkouts Total renewals Full call number Barcode Date last seen Date last checked out Copy number Price effective from Koha item type
    Dewey Decimal Classification     GRACE BIBLE COLLEGE GRACE BIBLE COLLEGE General Studies 2021-02-02 1 2 933 MAT 013867 2025-05-01 2024-01-09 c.1 2021-02-02 Books
    Dewey Decimal Classification     GRACE BIBLE COLLEGE GRACE BIBLE COLLEGE General Studies 2021-02-02 2   933 MAT 013868 2025-09-15 2025-09-08 c.2 2021-02-02 Books
© Grace Bible College Library 2025